[Event "Irena Warakomska Memorial B"]
[Site "chessmanager.com"]
[Date "2018.08.03"]
[Round "3"]
[White "Paziak, Patryk"]
[Black "Szewczyk, Mariusz"]
[Result "0-1"]
[Board "22"]
[WhiteElo "1811"]
[WhiteCountry "POL"]
[WhiteFideId "1168185"]
[WhiteEloChange "-3"]
[BlackElo "2094"]
[BlackCountry "POL"]
[BlackFideId "1147579"]
[BlackEloChange "3"]

1. e4 {[%clk 1:30:30]} e5 {[%clk 1:30:30]} 2. Nf3 {[%clk 1:30:30]} Nc6 {[%clk
1:30:30]} 3. Bc4 {[%clk 1:30:30]} Bc5 {[%clk 1:30:30]} 4. c3 {[%clk 1:30:30]} Nf6
{[%clk 1:30:30]} 5. d3 {[%clk 1:30:30]} d6 {[%clk 1:30:30]} 6. h3 {[%clk
1:30:30]} h6 {[%clk 1:30:30]} 7. O-O {[%clk 1:30:30]} O-O {[%clk 1:30:30]} 8. Re1
{[%clk 1:30:30]} Bb6 {[%clk 1:30:30]} 9. Nbd2 {[%clk 1:30:30]} Be6 {[%clk
1:30:30]} 10. Bb5 {[%clk 1:30:30]} Ne7 {[%clk 1:30:30]} 11. Nf1 {[%clk 1:30:30]}
Ng6 {[%clk 1:30:30]} 12. Ng3 {[%clk 1:30:30]} c6 {[%clk 1:30:30]} 13. Ba4 {[%clk
1:30:30]} d5 {[%clk 1:30:30]} 14. Be3 {[%clk 1:30:30]} Re8 {[%clk 1:30:30]} 15.
Bxb6 {[%clk 1:30:30]} axb6 {[%clk 1:30:30]} 16. exd5 {[%clk 1:30:30]} Bxd5 {[%clk
1:30:30]} 17. Ne4 {[%clk 1:30:30]} Nh5 {[%clk 1:30:30]} 18. Qc2 {[%clk 1:30:30]}
Nhf4 {[%clk 1:30:30]} 19. Rad1 {[%clk 1:30:30]} Qd7 {[%clk 1:30:30]} 20. d4
{[%clk 1:30:30]} Nxg2 {[%clk 1:30:30]} 21. Nxe5 {[%clk 1:30:30]} Nxe1 {[%clk
1:30:30]} 22. Rxe1 {[%clk 1:30:30]} Nxe5 {[%clk 1:30:30]} 23. dxe5 {[%clk
1:30:30]} Rxe5 {[%clk 1:30:30]} 24. Re3 {[%clk 1:30:30]} Qf5 {[%clk 1:30:30]} 25.
Ng3 {[%clk 1:30:30]} Qxc2 {[%clk 1:30:30]} 26. Bxc2 {[%clk 1:30:30]} Rxe3 {[%clk
1:30:30]} 27. fxe3 {[%clk 1:30:30]} Rxa2 {[%clk 1:30:30]} 0-1

[Event "Irena Warakomska Memorial B"]
[Site "chessmanager.com"]
[Date "2018.08.03"]
[Round "3"]
[White "Czarniecka, Aleksandra"]
[Black "Zielinski, Konrad"]
[Result "1-0"]
[Board "23"]
[WhiteElo "1983"]
[WhiteCountry "POL"]
[WhiteFideId "1194933"]
[WhiteEloChange "3"]
[BlackElo "1646"]
[BlackCountry "POL"]
[BlackFideId "1164945"]
[BlackEloChange "-3"]

1. e4 {[%clk 1:30:30]} e5 {[%clk 1:30:30]} 2. Nf3 {[%clk 1:30:30]} Nc6 {[%clk
1:30:30]} 3. Bb5 {[%clk 1:30:30]} a6 {[%clk 1:30:30]} 4. Ba4 {[%clk 1:30:30]} Nf6
{[%clk 1:30:30]} 5. O-O {[%clk 1:30:30]} Nxe4 {[%clk 1:30:30]} 6. Re1 {[%clk
1:30:30]} Nc5 {[%clk 1:30:30]} 7. Bxc6 {[%clk 1:30:30]} dxc6 {[%clk 1:30:30]} 8.
Nxe5 {[%clk 1:30:30]} Be7 {[%clk 1:30:30]} 9. d4 {[%clk 1:30:30]} Ne6 {[%clk
1:30:30]} 10. Be3 {[%clk 1:30:30]} O-O {[%clk 1:30:30]} 11. f4 {[%clk 1:30:30]}
g6 {[%clk 1:30:30]} 12. Nc3 {[%clk 1:30:30]} Ng7 {[%clk 1:30:30]} 13. Ne4 {[%clk
1:30:30]} Bf5 {[%clk 1:30:30]} 14. Ng3 {[%clk 1:30:30]} Be6 {[%clk 1:30:30]} 15.
b3 {[%clk 1:30:30]} Bb4 {[%clk 1:30:30]} 16. Rf1 {[%clk 1:30:30]} Qe7 {[%clk
1:30:30]} 17. Qd3 {[%clk 1:30:30]} Rad8 {[%clk 1:30:30]} 18. c3 {[%clk 1:30:30]}
Bd6 {[%clk 1:30:30]} 19. Rae1 {[%clk 1:30:30]} Nf5 {[%clk 1:30:30]} 20. Bf2
{[%clk 1:30:30]} Rfe8 {[%clk 1:30:30]} 21. Ne4 {[%clk 1:30:30]} Bxe5 {[%clk
1:30:30]} 22. fxe5 {[%clk 1:30:30]} Rf8 {[%clk 1:30:30]} 23. Nf6+ {[%clk
1:30:30]} Kg7 {[%clk 1:30:30]} 24. g4 {[%clk 1:30:30]} Nh6 {[%clk 1:30:30]} 25.
Bh4 {[%clk 1:30:30]} Qa3 {[%clk 1:30:30]} 26. Qh3 {[%clk 1:30:30]} Rh8 {[%clk
1:30:30]} 27. Bg5 {[%clk 1:30:30]} Ng8 {[%clk 1:30:30]} 28. Nxg8 {[%clk 1:30:30]}
Rdxg8 {[%clk 1:30:30]} 29. Qh6# {[%clk 1:30:30]} 1-0

[Event "Irena Warakomska Memorial B"]
[Site "chessmanager.com"]
[Date "2018.08.03"]
[Round "3"]
[White "Wolagiewicz, Kinga"]
[Black "Salah, Nadezhda"]
[Result "0-1"]
[Board "24"]
[WhiteElo "1611"]
[WhiteCountry "POL"]
[WhiteFideId "1195212"]
[WhiteEloChange "-2"]
[BlackElo "2059"]
[BlackCountry "UKR"]
[BlackFideId "14139758"]
[BlackEloChange "2"]

1. e4 {[%clk 1:30:30]} e6 {[%clk 1:30:30]} 2. d4 {[%clk 1:30:30]} d5 {[%clk
1:30:30]} 3. Nc3 {[%clk 1:30:30]} Nc6 {[%clk 1:30:30]} 4. Nf3 {[%clk 1:30:30]}
Nf6 {[%clk 1:30:30]} 5. Bd3 {[%clk 1:30:30]} Nb4 {[%clk 1:30:30]} 6. a3 {[%clk
1:30:30]} Nxd3+ {[%clk 1:30:30]} 7. Qxd3 {[%clk 1:30:30]} Be7 {[%clk 1:30:30]} 8.
O-O {[%clk 1:30:30]} O-O {[%clk 1:30:30]} 9. Bf4 {[%clk 1:30:30]} c6 {[%clk
1:30:30]} 10. h3 {[%clk 1:30:30]} b6 {[%clk 1:30:30]} 11. Rfe1 {[%clk 1:30:30]}
Bb7 {[%clk 1:30:30]} 12. exd5 {[%clk 1:30:30]} Nxd5 {[%clk 1:30:30]} 13. Nxd5
{[%clk 1:30:30]} Qxd5 {[%clk 1:30:30]} 14. Rad1 {[%clk 1:30:30]} Rad8 {[%clk
1:30:30]} 15. c3 {[%clk 1:30:30]} c5 {[%clk 1:30:30]} 16. Qe2 {[%clk 1:30:30]}
Qf5 {[%clk 1:30:30]} 17. Qe3 {[%clk 1:30:30]} Bxf3 {[%clk 1:30:30]} 18. Qxf3
{[%clk 1:30:30]} cxd4 {[%clk 1:30:30]} 19. cxd4 {[%clk 1:30:30]} Bf6 {[%clk
1:30:30]} 20. Qe4 {[%clk 1:30:30]} Qxe4 {[%clk 1:30:30]} 21. Rxe4 {[%clk
1:30:30]} Rd5 {[%clk 1:30:30]} 22. Rd2 {[%clk 1:30:30]} Rfd8 {[%clk 1:30:30]} 23.
Be3 {[%clk 1:30:30]} g6 {[%clk 1:30:30]} 24. Kf1 {[%clk 1:30:30]} Bg7 {[%clk
1:30:30]} 25. Ke2 {[%clk 1:30:30]} Kf8 {[%clk 1:30:30]} 26. Rh4 {[%clk 1:30:30]}
h5 {[%clk 1:30:30]} 27. b3 {[%clk 1:30:30]} f5 {[%clk 1:30:30]} 28. Rc2 {[%clk
1:30:30]} Bf6 {[%clk 1:30:30]} 29. Rf4 {[%clk 1:30:30]} g5 {[%clk 1:30:30]} 30.
Rf3 {[%clk 1:30:30]} g4 {[%clk 1:30:30]} 31. hxg4 {[%clk 1:30:30]} hxg4 {[%clk
1:30:30]} 32. Bh6+ {[%clk 1:30:30]} Kf7 {[%clk 1:30:30]} 33. Rfc3 {[%clk
1:30:30]} Bxd4 {[%clk 1:30:30]} 34. Rc7+ {[%clk 1:30:30]} Kg6 {[%clk 1:30:30]}
35. Bf4 {[%clk 1:30:30]} Be5 {[%clk 1:30:30]} 36. Be3 {[%clk 1:30:30]} Bxc7
{[%clk 1:30:30]} 37. Rxc7 {[%clk 1:30:30]} R8d7 {[%clk 1:30:30]} 38. Rc6 {[%clk
1:30:30]} Re5 {[%clk 1:30:30]} 39. g3 {[%clk 1:30:30]} Kf6 {[%clk 1:30:30]} 40.
Kf1 {[%clk 1:30:30]} Red5 {[%clk 1:30:30]} 41. b4 {[%clk 1:30:30]} Rd1+ {[%clk
1:30:30]} 42. Ke2 {[%clk 1:30:30]} R1d3 {[%clk 1:30:30]} 43. Bc1 {[%clk 1:30:30]}
R3d6 {[%clk 1:30:30]} 44. Rc8 {[%clk 1:30:30]} e5 {[%clk 1:30:30]} 45. Rf8+
{[%clk 1:30:30]} Ke6 {[%clk 1:30:30]} 46. Re8+ {[%clk 1:30:30]} Re7 {[%clk
1:30:30]} 47. Rc8 {[%clk 1:30:30]} Red7 {[%clk 1:30:30]} 48. Re8+ {[%clk
1:30:30]} Kd5 {[%clk 1:30:30]} 49. Rc8 {[%clk 1:30:30]} Rc6 {[%clk 1:30:30]} 50.
Rxc6 {[%clk 1:30:30]} Kxc6 {[%clk 1:30:30]} 51. Bb2 {[%clk 1:30:30]} Kb5 {[%clk
1:30:30]} 52. Ke3 {[%clk 1:30:30]} Rd5 {[%clk 1:30:30]} 53. f4 {[%clk 1:30:30]}
e4 {[%clk 1:30:30]} 54. Be5 {[%clk 1:30:30]} Rd3+ {[%clk 1:30:30]} 55. Kf2 {[%clk
1:30:30]} Rf3+ {[%clk 1:30:30]} 56. Kg2 {[%clk 1:30:30]} Kc4 {[%clk 1:30:30]} 57.
Bb8 {[%clk 1:30:30]} e3 {[%clk 1:30:30]} 58. Bxa7 {[%clk 1:30:30]} e2 {[%clk
1:30:30]} 0-1

[Event "Irena Warakomska Memorial B"]
[Site "chessmanager.com"]
[Date "2018.08.03"]
[Round "3"]
[White "Sapinski, Sebastian"]
[Black "Flis, Pawel"]
[Result "0-1"]
[Board "25"]
[WhiteElo "1496"]
[WhiteCountry "POL"]
[WhiteFideId "21817340"]
[WhiteEloChange "-2"]
[BlackElo "1934"]
[BlackCountry "POL"]
[BlackFideId "1112864"]
[BlackEloChange "2"]

1. e4 {[%clk 1:30:30]} c5 {[%clk 1:30:30]} 2. Nf3 {[%clk 1:30:30]} d6 {[%clk
1:30:30]} 3. d4 {[%clk 1:30:30]} cxd4 {[%clk 1:30:30]} 4. Nxd4 {[%clk 1:30:30]}
Nf6 {[%clk 1:30:30]} 5. Nc3 {[%clk 1:30:30]} a6 {[%clk 1:30:30]} 6. Be2 {[%clk
1:30:30]} e5 {[%clk 1:30:30]} 7. Nb3 {[%clk 1:30:30]} Be7 {[%clk 1:30:30]} 8. Be3
{[%clk 1:30:30]} O-O {[%clk 1:30:30]} 9. f3 {[%clk 1:30:30]} Be6 {[%clk 1:30:30]}
10. Qd2 {[%clk 1:30:30]} b5 {[%clk 1:30:30]} 11. h4 {[%clk 1:30:30]} Nbd7 {[%clk
1:30:30]} 12. O-O-O {[%clk 1:30:30]} b4 {[%clk 1:30:30]} 13. Nd5 {[%clk 1:30:30]}
Bxd5 {[%clk 1:30:30]} 14. exd5 {[%clk 1:30:30]} Nb6 {[%clk 1:30:30]} 15. Bxb6
{[%clk 1:30:30]} Qxb6 {[%clk 1:30:30]} 16. g4 {[%clk 1:30:30]} a5 {[%clk
1:30:30]} 17. h5 {[%clk 1:30:30]} a4 {[%clk 1:30:30]} 18. Na1 {[%clk 1:30:30]} h6
{[%clk 1:30:30]} 19. Kb1 {[%clk 1:30:30]} Nd7 {[%clk 1:30:30]} 20. f4 {[%clk
1:30:30]} exf4 {[%clk 1:30:30]} 21. Qxf4 {[%clk 1:30:30]} Nc5 {[%clk 1:30:30]}
22. Bd3 {[%clk 1:30:30]} b3 {[%clk 1:30:30]} 23. a3 {[%clk 1:30:30]} Bf6 {[%clk
1:30:30]} 24. cxb3 {[%clk 1:30:30]} axb3 {[%clk 1:30:30]} 25. Qf5 {[%clk
1:30:30]} Nxd3 {[%clk 1:30:30]} 26. Rxd3 {[%clk 1:30:30]} Rab8 {[%clk 1:30:30]}
27. Qf3 {[%clk 1:30:30]} Rfc8 {[%clk 1:30:30]} 28. Rhd1 {[%clk 1:30:30]} Qa6
{[%clk 1:30:30]} 29. Rxb3 {[%clk 1:30:30]} Rxb3 {[%clk 1:30:30]} 30. Nxb3 {[%clk
1:30:30]} Qb6 {[%clk 1:30:30]} 31. Rd3 {[%clk 1:30:30]} Qg1+ {[%clk 1:30:30]} 32.
Ka2 {[%clk 1:30:30]} Qh2 {[%clk 1:30:30]} 33. Rd2 {[%clk 1:30:30]} Qe5 {[%clk
1:30:30]} 34. Nd4 {[%clk 1:30:30]} Rb8 {[%clk 1:30:30]} 35. Nb3 {[%clk 1:30:30]}
Qe1 {[%clk 1:30:30]} 36. Re2 {[%clk 1:30:30]} Qg1 {[%clk 1:30:30]} 37. Rc2 {[%clk
1:30:30]} Qe1 {[%clk 1:30:30]} 38. Re2 {[%clk 1:30:30]} Qg1 {[%clk 1:30:30]} 39.
Rc2 {[%clk 1:30:30]} Re8 {[%clk 1:30:30]} 40. Qf5 {[%clk 1:30:30]} Qe3 {[%clk
1:30:30]} 41. Rc8 {[%clk 1:30:30]} Qe2 {[%clk 1:30:30]} 42. Rxe8+ {[%clk
1:30:30]} Qxe8 {[%clk 1:30:30]} 43. Qf3 {[%clk 1:30:30]} Qe5 {[%clk 1:30:30]} 44.
Qg2 {[%clk 1:30:30]} g6 {[%clk 1:30:30]} 45. hxg6 {[%clk 1:30:30]} fxg6 {[%clk
1:30:30]} 46. Qc2 {[%clk 1:30:30]} Kh7 {[%clk 1:30:30]} 47. Qg2 {[%clk 1:30:30]}
Bg7 {[%clk 1:30:30]} 48. a4 {[%clk 1:30:30]} Qf4 {[%clk 1:30:30]} 49. Ka3 {[%clk
1:30:30]} Qc4 {[%clk 1:30:30]} 50. Na5 {[%clk 1:30:30]} Qc5+ {[%clk 1:30:30]} 51.
b4 {[%clk 1:30:30]} Qc1+ {[%clk 1:30:30]} 52. Ka2 {[%clk 1:30:30]} Qe1 {[%clk
1:30:30]} 53. Kb3 {[%clk 1:30:30]} Qc3+ {[%clk 1:30:30]} 54. Ka2 {[%clk 1:30:30]}
Qxb4 {[%clk 1:30:30]} 55. Nc6 {[%clk 1:30:30]} Qxa4+ {[%clk 1:30:30]} 0-1

[Event "Irena Warakomska Memorial B"]
[Site "chessmanager.com"]
[Date "2018.08.03"]
[Round "3"]
[White "Furtak, Joanna"]
[Black "Blasiak, Miroslaw"]
[Result "0-1"]
[Board "26"]
[WhiteElo "1948"]
[WhiteCountry "POL"]
[WhiteFideId "21804842"]
[WhiteEloChange "-16"]
[BlackElo "1683"]
[BlackCountry "POL"]
[BlackFideId "1109324"]
[BlackEloChange "16"]

1. e4 {[%clk 1:30:30]} e5 {[%clk 1:30:30]} 2. Nf3 {[%clk 1:30:30]} Nc6 {[%clk
1:30:30]} 3. d4 {[%clk 1:30:30]} exd4 {[%clk 1:30:30]} 4. Nxd4 {[%clk 1:30:30]}
Nf6 {[%clk 1:30:30]} 5. Nxc6 {[%clk 1:30:30]} bxc6 {[%clk 1:30:30]} 6. Qe2 {[%clk
1:30:30]} Bb4+ {[%clk 1:30:30]} 7. c3 {[%clk 1:30:30]} Be7 {[%clk 1:30:30]} 8. g3
{[%clk 1:30:30]} O-O {[%clk 1:30:30]} 9. Bg2 {[%clk 1:30:30]} d5 {[%clk 1:30:30]}
10. O-O {[%clk 1:30:30]} Re8 {[%clk 1:30:30]} 11. e5 {[%clk 1:30:30]} Bc5 {[%clk
1:30:30]} 12. Kh1 {[%clk 1:30:30]} a5 {[%clk 1:30:30]} 13. c4 {[%clk 1:30:30]}
Rb8 {[%clk 1:30:30]} 14. Qc2 {[%clk 1:30:30]} Rxe5 {[%clk 1:30:30]} 15. cxd5
{[%clk 1:30:30]} Qe7 {[%clk 1:30:30]} 16. Nc3 {[%clk 1:30:30]} Ba6 {[%clk
1:30:30]} 17. f4 {[%clk 1:30:30]} Rh5 {[%clk 1:30:30]} 18. Na4 {[%clk 1:30:30]}
Ba7 {[%clk 1:30:30]} 19. Bd2 {[%clk 1:30:30]} Ng4 {[%clk 1:30:30]} 20. h3 {[%clk
1:30:30]} Qe2 {[%clk 1:30:30]} 0-1

[Event "Irena Warakomska Memorial B"]
[Site "chessmanager.com"]
[Date "2018.08.03"]
[Round "3"]
[White "Dryja, Szymon"]
[Black "Paszkowski, Krystian"]
[Result "0-1"]
[Board "27"]
[WhiteElo "1898"]
[WhiteCountry "POL"]
[WhiteFideId "1165160"]
[WhiteEloChange "-17"]
[BlackElo "1609"]
[BlackCountry "POL"]
[BlackFideId "21853002"]
[BlackEloChange "17"]

1. e4 {[%clk 1:30:30]} c5 {[%clk 1:30:30]} 2. Nf3 {[%clk 1:30:30]} e6 {[%clk
1:30:30]} 3. d4 {[%clk 1:30:30]} cxd4 {[%clk 1:30:30]} 4. Nxd4 {[%clk 1:30:30]}
a6 {[%clk 1:30:30]} 5. Nc3 {[%clk 1:30:30]} Qc7 {[%clk 1:30:30]} 6. Be2 {[%clk
1:30:30]} Nf6 {[%clk 1:30:30]} 7. O-O {[%clk 1:30:30]} Be7 {[%clk 1:30:30]} 8.
Be3 {[%clk 1:30:30]} d6 {[%clk 1:30:30]} 9. Kh1 {[%clk 1:30:30]} O-O {[%clk
1:30:30]} 10. f4 {[%clk 1:30:30]} b5 {[%clk 1:30:30]} 11. Bf3 {[%clk 1:30:30]}
Bb7 {[%clk 1:30:30]} 12. e5 {[%clk 1:30:30]} Ne8 {[%clk 1:30:30]} 13. Bxb7 {[%clk
1:30:30]} Qxb7 {[%clk 1:30:30]} 14. Qg4 {[%clk 1:30:30]} Nc6 {[%clk 1:30:30]} 15.
Rad1 {[%clk 1:30:30]} Rc8 {[%clk 1:30:30]} 16. a3 {[%clk 1:30:30]} Kh8 {[%clk
1:30:30]} 17. Rf3 {[%clk 1:30:30]} Qb8 {[%clk 1:30:30]} 18. Nxc6 {[%clk 1:30:30]}
Rxc6 {[%clk 1:30:30]} 19. Qh5 {[%clk 1:30:30]} g6 {[%clk 1:30:30]} 20. Qh6 {[%clk
1:30:30]} Rg8 {[%clk 1:30:30]} 21. Rh3 {[%clk 1:30:30]} Rg7 {[%clk 1:30:30]} 22.
Bd4 {[%clk 1:30:30]} d5 {[%clk 1:30:30]} 23. g4 {[%clk 1:30:30]} f6 {[%clk
1:30:30]} 24. g5 {[%clk 1:30:30]} f5 {[%clk 1:30:30]} 25. Rd2 {[%clk 1:30:30]}
Nc7 {[%clk 1:30:30]} 26. Qh4 {[%clk 1:30:30]} b4 {[%clk 1:30:30]} 27. axb4 {[%clk
1:30:30]} Qxb4 {[%clk 1:30:30]} 28. Qe1 {[%clk 1:30:30]} Rc4 {[%clk 1:30:30]} 29.
Ne2 {[%clk 1:30:30]} Rxc2 {[%clk 1:30:30]} 30. Bc3 {[%clk 1:30:30]} Qe4+ {[%clk
1:30:30]} 31. Kg1 {[%clk 1:30:30]} Bc5+ {[%clk 1:30:30]} 32. Kf1 {[%clk 1:30:30]}
Qh1+ {[%clk 1:30:30]} 0-1

[Event "Irena Warakomska Memorial B"]
[Site "chessmanager.com"]
[Date "2018.08.03"]
[Round "3"]
[White "Duda, Lukasz"]
[Black "Huchwajda, Grzegorz"]
[Result "1-0"]
[Board "28"]
[WhiteElo "2201"]
[WhiteCountry "POL"]
[WhiteFideId "1119699"]
[WhiteEloChange "2"]
[BlackElo "1523"]
[BlackCountry "POL"]
[BlackFideId "21806357"]
[BlackEloChange "-2"]

1. e4 {[%clk 1:30:30]} c5 {[%clk 1:30:30]} 2. Nf3 {[%clk 1:30:30]} e6 {[%clk
1:30:30]} 3. d4 {[%clk 1:30:30]} cxd4 {[%clk 1:30:30]} 4. Nxd4 {[%clk 1:30:30]}
Nf6 {[%clk 1:30:30]} 5. Nc3 {[%clk 1:30:30]} Nc6 {[%clk 1:30:30]} 6. Ndb5 {[%clk
1:30:30]} Bb4 {[%clk 1:30:30]} 7. a3 {[%clk 1:30:30]} Bxc3+ {[%clk 1:30:30]} 8.
Nxc3 {[%clk 1:30:30]} d5 {[%clk 1:30:30]} 9. Bd3 {[%clk 1:30:30]} d4 {[%clk
1:30:30]} 10. Ne2 {[%clk 1:30:30]} e5 {[%clk 1:30:30]} 11. O-O {[%clk 1:30:30]}
O-O {[%clk 1:30:30]} 12. Bg5 {[%clk 1:30:30]} h6 {[%clk 1:30:30]} 13. Bd2 {[%clk
1:30:30]} Bg4 {[%clk 1:30:30]} 14. f4 {[%clk 1:30:30]} exf4 {[%clk 1:30:30]} 15.
Rxf4 {[%clk 1:30:30]} Ne5 {[%clk 1:30:30]} 16. h3 {[%clk 1:30:30]} Nxd3 {[%clk
1:30:30]} 17. cxd3 {[%clk 1:30:30]} Bxe2 {[%clk 1:30:30]} 18. Qxe2 {[%clk
1:30:30]} Re8 {[%clk 1:30:30]} 19. Raf1 {[%clk 1:30:30]} Rc8 {[%clk 1:30:30]} 20.
Rxf6 {[%clk 1:30:30]} gxf6 {[%clk 1:30:30]} 21. Bxh6 {[%clk 1:30:30]} Rc5 {[%clk
1:30:30]} 22. Qg4+ {[%clk 1:30:30]} Rg5 {[%clk 1:30:30]} 23. Bxg5 {[%clk
1:30:30]} fxg5 {[%clk 1:30:30]} 24. Rf5 {[%clk 1:30:30]} f6 {[%clk 1:30:30]} 25.
h4 {[%clk 1:30:30]} Re5 {[%clk 1:30:30]} 26. Rxe5 {[%clk 1:30:30]} fxe5 {[%clk
1:30:30]} 27. Qe6+ {[%clk 1:30:30]} Kh7 {[%clk 1:30:30]} 28. h5 {[%clk 1:30:30]}
Qa5 {[%clk 1:30:30]} 29. Qg6+ {[%clk 1:30:30]} Kh8 {[%clk 1:30:30]} 30. Qxg5
{[%clk 1:30:30]} Qe1+ {[%clk 1:30:30]} 31. Kh2 {[%clk 1:30:30]} Kh7 {[%clk
1:30:30]} 32. h6 {[%clk 1:30:30]} 1-0

[Event "Irena Warakomska Memorial B"]
[Site "chessmanager.com"]
[Date "2018.08.03"]
[Round "3"]
[White "Rokita, Miroslaw"]
[Black "Wloch, Mikolaj"]
[Result "0-1"]
[Board "29"]
[WhiteElo "1691"]
[WhiteCountry "POL"]
[WhiteFideId "1180207"]
[WhiteEloChange "-9"]
[BlackElo "1738"]
[BlackCountry "POL"]
[BlackFideId "1194380"]
[BlackEloChange "9"]

1. d4 {[%clk 1:30:30]} d5 {[%clk 1:30:30]} 2. Bf4 {[%clk 1:30:30]} Nf6 {[%clk
1:30:30]} 3. e3 {[%clk 1:30:30]} e6 {[%clk 1:30:30]} 4. Bd3 {[%clk 1:30:30]} Bd6
{[%clk 1:30:30]} 5. Bg3 {[%clk 1:30:30]} O-O {[%clk 1:30:30]} 6. Nd2 {[%clk
1:30:30]} Nc6 {[%clk 1:30:30]} 7. f4 {[%clk 1:30:30]} Nb4 {[%clk 1:30:30]} 8. Be2
{[%clk 1:30:30]} c5 {[%clk 1:30:30]} 9. c3 {[%clk 1:30:30]} Nc6 {[%clk 1:30:30]}
10. Bd3 {[%clk 1:30:30]} c4 {[%clk 1:30:30]} 11. Bc2 {[%clk 1:30:30]} b5 {[%clk
1:30:30]} 12. a3 {[%clk 1:30:30]} a5 {[%clk 1:30:30]} 13. Ngf3 {[%clk 1:30:30]}
Bd7 {[%clk 1:30:30]} 14. Ne5 {[%clk 1:30:30]} b4 {[%clk 1:30:30]} 15. axb4 {[%clk
1:30:30]} axb4 {[%clk 1:30:30]} 16. Rxa8 {[%clk 1:30:30]} Qxa8 {[%clk 1:30:30]}
17. Bh4 {[%clk 1:30:30]} bxc3 {[%clk 1:30:30]} 18. bxc3 {[%clk 1:30:30]} Bxe5
{[%clk 1:30:30]} 19. fxe5 {[%clk 1:30:30]} Ne8 {[%clk 1:30:30]} 20. O-O {[%clk
1:30:30]} Qa2 {[%clk 1:30:30]} 21. Nf3 {[%clk 1:30:30]} f5 {[%clk 1:30:30]} 22.
Be1 {[%clk 1:30:30]} Nc7 {[%clk 1:30:30]} 23. Rf2 {[%clk 1:30:30]} Qa3 {[%clk
1:30:30]} 24. Bb1 {[%clk 1:30:30]} Rb8 {[%clk 1:30:30]} 25. Rc2 {[%clk 1:30:30]}
Nd8 {[%clk 1:30:30]} 26. Qc1 {[%clk 1:30:30]} Qxc1 {[%clk 1:30:30]} 27. Rxc1
{[%clk 1:30:30]} Rb2 {[%clk 1:30:30]} 28. Bh4 {[%clk 1:30:30]} Nc6 {[%clk
1:30:30]} 29. Bc2 {[%clk 1:30:30]} h6 {[%clk 1:30:30]} 30. Ne1 {[%clk 1:30:30]}
Nb5 {[%clk 1:30:30]} 31. Ba4 {[%clk 1:30:30]} Na5 {[%clk 1:30:30]} 32. Bxb5
{[%clk 1:30:30]} Rxb5 {[%clk 1:30:30]} 33. Be7 {[%clk 1:30:30]} Nb3 {[%clk
1:30:30]} 34. Rc2 {[%clk 1:30:30]} Ra5 {[%clk 1:30:30]} 35. Kf2 {[%clk 1:30:30]}
Ra1 {[%clk 1:30:30]} 36. Bb4 {[%clk 1:30:30]} Ba4 {[%clk 1:30:30]} 37. Rb2 {[%clk
1:30:30]} Nc1 {[%clk 1:30:30]} 38. Rd2 {[%clk 1:30:30]} Kf7 {[%clk 1:30:30]} 39.
Bd6 {[%clk 1:30:30]} Na2 {[%clk 1:30:30]} 40. Nc2 {[%clk 1:30:30]} Rc1 {[%clk
1:30:30]} 41. Na3 {[%clk 1:30:30]} Nxc3 {[%clk 1:30:30]} 42. Bb4 {[%clk 1:30:30]}
Ne4+ {[%clk 1:30:30]} 43. Ke2 {[%clk 1:30:30]} Nxd2 {[%clk 1:30:30]} 44. Bxd2
{[%clk 1:30:30]} Ra1 {[%clk 1:30:30]} 45. Bb4 {[%clk 1:30:30]} Ra2+ {[%clk
1:30:30]} 46. Kf1 {[%clk 1:30:30]} c3 {[%clk 1:30:30]} 0-1

[Event "Irena Warakomska Memorial B"]
[Site "chessmanager.com"]
[Date "2018.08.03"]
[Round "3"]
[White "Choinska, Debora"]
[Black "Plesiuk, Jan"]
[Result "0-1"]
[Board "30"]
[WhiteElo "1555"]
[WhiteCountry "POL"]
[WhiteFideId "1185144"]
[WhiteEloChange "-5"]
[BlackElo "1748"]
[BlackCountry "POL"]
[BlackFideId "1159380"]
[BlackEloChange "5"]

1. e4 {[%clk 1:30:30]} Nf6 {[%clk 1:30:30]} 2. e5 {[%clk 1:30:30]} Nd5 {[%clk
1:30:30]} 3. d4 {[%clk 1:30:30]} d6 {[%clk 1:30:30]} 4. c4 {[%clk 1:30:30]} Nb6
{[%clk 1:30:30]} 5. exd6 {[%clk 1:30:30]} cxd6 {[%clk 1:30:30]} 6. Nf3 {[%clk
1:30:30]} g6 {[%clk 1:30:30]} 7. h3 {[%clk 1:30:30]} Bg7 {[%clk 1:30:30]} 8. Be3
{[%clk 1:30:30]} O-O {[%clk 1:30:30]} 9. Qd2 {[%clk 1:30:30]} Re8 {[%clk
1:30:30]} 10. Nc3 {[%clk 1:30:30]} Nc6 {[%clk 1:30:30]} 11. Rc1 {[%clk 1:30:30]}
e5 {[%clk 1:30:30]} 12. dxe5 {[%clk 1:30:30]} dxe5 {[%clk 1:30:30]} 13. Qxd8
{[%clk 1:30:30]} Rxd8 {[%clk 1:30:30]} 14. Bxb6 {[%clk 1:30:30]} axb6 {[%clk
1:30:30]} 15. a3 {[%clk 1:30:30]} e4 {[%clk 1:30:30]} 16. Nd2 {[%clk 1:30:30]} f5
{[%clk 1:30:30]} 17. Nb3 {[%clk 1:30:30]} Be6 {[%clk 1:30:30]} 18. Rc2 {[%clk
1:30:30]} Ne5 {[%clk 1:30:30]} 19. Nd2 {[%clk 1:30:30]} Rac8 {[%clk 1:30:30]} 20.
b3 {[%clk 1:30:30]} Nd3+ {[%clk 1:30:30]} 21. Bxd3 {[%clk 1:30:30]} Rxd3 {[%clk
1:30:30]} 22. Ncb1 {[%clk 1:30:30]} e3 {[%clk 1:30:30]} 23. fxe3 {[%clk 1:30:30]}
Rxe3+ {[%clk 1:30:30]} 24. Kd1 {[%clk 1:30:30]} f4 {[%clk 1:30:30]} 25. Re1
{[%clk 1:30:30]} Bf5 {[%clk 1:30:30]} 26. Ra2 {[%clk 1:30:30]} Rd8 {[%clk
1:30:30]} 27. Rxe3 {[%clk 1:30:30]} fxe3 {[%clk 1:30:30]} 28. Kc1 {[%clk
1:30:30]} e2 {[%clk 1:30:30]} 29. Nf3 {[%clk 1:30:30]} Rd1# {[%clk 1:30:30]} 0-1